Statistics for Which Person Doesn't Belong?

Click here to take the quiz!

General Stats

  • This quiz has been taken 144 times
    (143 since last reset)
  • The average score is 5 of 7

Answer Stats

QuestionAnswer% Correct
Talk Show Hosts (can include not on air anymore)Leonardo DiCaprio
96%
Fashion DesignersMiley Cyrus
93%
PresidentsAaron Burr
83%
RepublicansNancy Pelosi
77%
Born in the United StatesGal Gadot
57%
Died in 2018Zsa Zsa Gabor
38%
Baroque ComposersLudwig van Beethoven
28%

Score Distribution

Percentile by Number Answered

Percent of People with Each Score

Your Score History

You have not taken this quiz since the last reset